Normal view
MARC view
Entry Meeting Name
001 - CONTROL NUMBER
- control field: 32335
003 - CONTROL NUMBER IDENTIFIER
- control field: OSt
005 - DATE AND TIME OF LATEST TRANSACTION
- control field: 20211105135514.0
008 - FIXED-LENGTH DATA ELEMENTS
- fixed length control field: 211105|| aca||aabn | a|a d
040 ## - CATALOGING SOURCE
- Original cataloging agency: OSt
- Transcribing agency: OSt
111 ## - HEADING--MEETING NAME
- Meeting name or jurisdiction name as entry element: Conference on Extreme Solar Systems
- Location of meeting: Santorini Islands
- Date of meeting or treaty signing: 2007 June 25-29
670 ## - SOURCE DATA FOUND
- Source citation: Work cat.: (OSt): Conference on Extreme Solar Systems Santorini Islands 2007 June 25-29, Extreme Solar systems, 2008